000 00491nam a2200169 4500
001 862
005 20181127162217.0
008 740713s1974 nyu 001 0 eng
010 _a 73021081
020 _a0155706527
100 1 _aJacobus, Lee A.
245 1 0 _aPoems in context /
_cLee A. Jacobus, William T. Moynihan.
260 _aNew York :
_bHarcourt Brace Jovanovich,
_c1974.
300 _axx, 524 p. ;
_c22 cm.
650 0 _aPoetry
_xHistory and criticism.
700 1 _aMoynihan, William T.
999 _c616
_d616